E' l'incontro della vita (Record n. 101995)
[ formato base ]
| 000 -LEADER | |
|---|---|
| fixed length control field | 01367njm a2200313Ia 4500 |
| 001 - CONTROL NUMBER | |
| control field | 78199 |
| 003 - CONTROL NUMBER IDENTIFIER | |
| control field | IT-RoPAU |
| 005 - DATE AND TIME OF LATEST TRANSACTION | |
| control field | 20220918181150.0 |
| 008 - FIXED-LENGTH DATA ELEMENTS--GENERAL INFORMATION | |
| fixed length control field | 131025s9999 xx 000 0 und d |
| 040 ## - CATALOGING SOURCE | |
| Original cataloging agency | IT-RoPAU |
| 040 ## - CATALOGING SOURCE | |
| Transcribing agency | IT-RoPAU |
| 041 ## - LANGUAGE CODE | |
| Language code of text/sound track or separate title | ITALIANO |
| 999 ## - SYSTEM CONTROL NUMBERS (KOHA) | |
| Koha Dewey Subclass [OBSOLETE] | n.d. |
| 100 ## - MAIN ENTRY--PERSONAL NAME | |
| Personal name | Ricci Daniele |
| 9 (RLIN) | 25573 |
| 100 ## - MAIN ENTRY--PERSONAL NAME | |
| Relator term | Autore musica |
| 9 (RLIN) | 25574 |
| 100 ## - MAIN ENTRY--PERSONAL NAME | |
| Miscellaneous information | Codice autore musica SPICS: 27081 |
| 9 (RLIN) | 25575 |
| 245 ## - TITLE STATEMENT | |
| Title | E' l'incontro della vita |
| 250 ## - EDITION STATEMENT | |
| Edition statement | 1a ed. |
| 260 ## - PUBLICATION, DISTRIBUTION, ETC. (IMPRINT) | |
| Place of publication, distribution, etc. | ROMA |
| 260 ## - PUBLICATION, DISTRIBUTION, ETC. (IMPRINT) | |
| Name of publisher, distributor, etc. | EP - MUSICALI E DISCOGRAFICHE |
| Date of publication, distribution, etc. | 1989 [1a Ed.:1989 - Ed. Lingua Orig.: 1989] |
| 300 ## - PHYSICAL DESCRIPTION | |
| Extent | MUSICASSETTA |
| 300 ## - PHYSICAL DESCRIPTION | |
| Dimensions | 30 minuti (Testo: 0 pag.) |
| 500 ## - GENERAL NOTE | |
| General note | Musica religiosa, liturgica. Canti per la messa dei giovani. Canzoni giovanili. Canti liturgici. Canti per la celebrazione dell'eucarestia |
| 505 ## - FORMATTED CONTENTS NOTE | |
| Formatted contents note | *E' l'incontro della vita - Signore pietà - Gloria a Dio - Alleluia, parla Signore - Verso l'altare - Santo il Signore - Mistero della fede - Amen - Padre nostro - Agnello di Dio - Pace è l'unità - Sei l'amore senza limiti - Tu mi segui - Gioia che invade l'anima |
| 650 ## - SUBJECT ADDED ENTRY--TOPICAL TERM | |
| Topical term or geographic name as entry element | LITURGICO [CASSETTE] |
| Relator term | Codice MATERIA SPICS: 9951 |
| 9 (RLIN) | 5632 |
| 700 ## - ADDED ENTRY--PERSONAL NAME | |
| Personal name | Ricci Daniele |
| Relator term | Autore testo e musica |
| Miscellaneous information | Codice autore testo/musica SPICS: 27081 |
| 9 (RLIN) | 25576 |
| 700 ## - ADDED ENTRY--PERSONAL NAME | |
| Personal name | Ricci Daniele |
| Miscellaneous information | Codice interprete SPICS: 27081 |
| Relator term | Interprete |
| 9 (RLIN) | 25577 |
| 942 ## - ADDED ENTRY ELEMENTS (KOHA) | |
| Koha item type | MUSICASSETTE |
| Source of classification or shelving scheme | Dewey Decimal Classification |
| Withdrawn status | Lost status | Damaged status | Not for loan | Home library | Current library | Date acquired | Total Checkouts | Full call number | Date last seen | Price effective from | Koha item type | Public note |
|---|---|---|---|---|---|---|---|---|---|---|---|---|
| Buone Condizioni | Not For Loan | SPICS-MEDIATECA | SPICS-MEDIATECA | 25/10/2013 | 78199 | 25/10/2013 | 25/10/2013 | MUSICASSETTE | Progr. Ins.: 18618 / N.Vol.: 1 / Copie: 1 - Copia rara: n.d. / date import: 01.01.2014 - By Epidotti, Trombetti, Vaglietti |